Juventud y participación /
Kaydedildi:
| Yazar: | |
|---|---|
| Materyal Türü: | Metin |
| Konular: | |
| Etiketler: |
Etiketle
Etiket eklenmemiş, İlk siz ekleyin!
|
MARC
| LEADER | 00000 a a2200000 04500 | ||
|---|---|---|---|
| 001 | 18516 | ||
| 003 | |||
| 040 | |||
| 100 | |a Rojas Flores, Oscar | ||
| 245 | |a Juventud y participación / |c Oscar Rojas Flores | ||
| 650 | |a JUVENTUD | ||
| 650 | |a PARTICIPACION SOCIAL | ||
| 650 | |a JOVENES | ||
| 650 | |a ADOLESCENCIA | ||
| 650 | |a POLITICA | ||
| 650 | |a ECONOMIA | ||
| 650 | |a PARTIDOS POLITICOS | ||
| 650 | |a TRABAJO | ||
| 773 | |g número 22; páginas 133-147 | ||
| 999 | |c 33167 |d 33167 | ||
